000 00703nam a22002050 4500
001 HUB008853
003 PILC
005 20151013130437.0
008 800101s1988
020 _a9711130068
050 _aHG 3881
_b.B78 1988
100 1 _aBroad, Robin.
245 1 0 _aUnequal alliance 1979-1986 :
_bthe world bank, the international monetary fund, and the Philippines /
_cRobin Broad.
260 _aManila :
_bAteneo de Manila University Press,
_c1988.
300 _axxvii, 352 pages :
_billustrations ;
_c24 cm.
650 _aInternational Monetary Fund
_xPhilippines.
650 _aPhilippines
_xEconomic policy.
650 _aWorld Bank
_xPhilippines.
942 _2lcc
_cBK
_kLOC
999 _c288853
_d288853